[Event "Verbandsliga Suedbaden 1718"]
[Site "Baden"]
[Date "2018.01.28"]
[Round "5.2"]
[White "Prill, Daniel"]
[Black "Duessel, Udo"]
[Result "1-0"]
[WhiteElo "2230"]
[BlackElo "2177"]
[PlyCount "37"]
[EventDate "2017.10.08"]
[EventType "team-tourn"]
[EventRounds "9"]
[EventCountry "GER"]
[SourceTitle "EXT 2019"]
[Source "ChessBase"]
[SourceDate "2018.10.10"]
[SourceVersion "1"]
[SourceVersionDate "2018.10.10"]
[SourceQuality "1"]
[WhiteTeam "Heitersheim"]
[BlackTeam "Waldshut"]
[WhiteTeamCountry "GER"]
[BlackTeamCountry "GER"]

1. e4 e5 2. Nf3 Nc6 3. Bc4 Nf6 4. Ng5 d5 5. exd5 Na5 6. d3 h6 7. Nf3 Bd6 8. h3 0-0 9. 0-0 e4 10. Nd4 Be5 11. Nb3 Nxc4 12. dxc4 b5 13. N1d2 Bf5 14. cxb5 Qxd5 15. Qe2 Rab8 16. a4 a6 17. Nc4 axb5 18. axb5 Qxb5 19. Ra5 1-0

[Event "Basel op"]
[Site "Basel"]
[Date "2016.01.05"]
[Round "7"]
[White "Duessel, Udo"]
[Black "Berset, Philippe"]
[Result "0-1"]
[WhiteElo "2175"]
[BlackElo "2104"]
[PlyCount "58"]
[EventDate "2016.01.01"]
[EventType "swiss"]
[EventRounds "7"]
[EventCountry "SUI"]
[SourceTitle "EXT 2017"]
[Source "ChessBase"]
[SourceDate "2016.10.25"]
[SourceVersion "1"]
[SourceVersionDate "2016.10.25"]
[SourceQuality "1"]

1. d4 Nf6 2. c4 c5 3. d5 b5 4. cxb5 a6 5. f3 axb5 6. e4 Qa5+ 7. Bd2 b4 8. Na3 d6 9. Nc4 Qd8 10. Bd3 e6 11. dxe6 Bxe6 12. Ne2 Be7 13. Nf4 Bc8 14. 0-0 0-0 15. Kh1 Nbd7 16. Ne3 Nb6 17. Re1 Re8 18. Bb5 Bd7 19. Qe2 Bf8 20. Qd3 Bxb5 21. Qxb5 d5 22. exd5 Nbxd5 23. Nfxd5 Nxd5 24. Qc4 Nb6 25. Qc2 Qd4 26. Nf5 Qc4 27. Qd1 Rxe1+ 28. Qxe1 Rxa2 29. Rc1 Qe6 0-1

[Event "Basel op"]
[Site "Basel"]
[Date "2016.01.03"]
[Round "4"]
[White "Marentini, Marcel"]
[Black "Duessel, Udo"]
[Result "0-1"]
[WhiteElo "2068"]
[BlackElo "2175"]
[PlyCount "84"]
[EventDate "2016.01.01"]
[EventType "swiss"]
[EventRounds "7"]
[EventCountry "SUI"]
[SourceTitle "CBM 170 Extra"]
[Source "ChessBase"]
[SourceDate "2016.02.25"]
[SourceVersion "1"]
[SourceVersionDate "2016.02.25"]
[SourceQuality "1"]

1. d4 d5 2. c4 e6 3. Nc3 Nf6 4. cxd5 exd5 5. Bg5 Be7 6. e3 0-0 7. Bd3 Nbd7 8. Qc2 c6 9. Nge2 Re8 10. 0-0 Nf8 11. f3 N6d7 12. Bxe7 Qxe7 13. e4 Nb6 14. Kh1 Be6 15. e5 Nc4 16. Qc1 c5 17. Bxc4 dxc4 18. d5 Bf5 19. f4 Bd3 20. Re1 Qd7 21. Qe3 Rac8 22. Ng3 b5 23. d6 Ne6 24. f5 Nd4 25. Qg5 h6 26. Qg4 Bxf5 27. Nxf5 Nxf5 28. Nd5 Kh7 29. Ne7 Rxe7 30. dxe7 g6 31. Rf1 Re8 32. Rae1 Rxe7 33. Qf3 Qe6 34. Kg1 h5 35. Qa8 b4 36. Qf8 c3 37. bxc3 bxc3 38. Rb1 Qxe5 39. Rb8 c2 40. h3 c1Q 41. Rxc1 Qe3+ 42. Kh2 Qf4+ 0-1

[Event "Oberliga Baden 1516"]
[Site "Baden"]
[Date "2015.10.11"]
[Round "2.4"]
[White "Duessel, Udo"]
[Black "Podat, Vladimir"]
[Result "0-1"]
[WhiteElo "2193"]
[BlackElo "2286"]
[PlyCount "108"]
[EventDate "2015.09.20"]
[EventType "team-tourn"]
[EventRounds "9"]
[EventCountry "GER"]
[SourceTitle "EXT 2018"]
[Source "ChessBase"]
[SourceDate "2017.10.13"]
[SourceVersion "1"]
[SourceVersionDate "2017.10.13"]
[SourceQuality "1"]
[WhiteTeam "Waldshut Tiengen"]
[BlackTeam "Handschuhsheim"]
[WhiteTeamCountry "GER"]
[BlackTeamCountry "GER"]

1. d4 Nf6 2. c4 c5 3. d5 b5 4. cxb5 a6 5. e3 g6 6. Nc3 d6 7. Nf3 Bg7 8. Bc4 0-0 9. 0-0 axb5 10. Bxb5 Ba6 11. Qe2 Qb6 12. Bxa6 Qxa6 13. Re1 Nbd7 14. e4 Nb6 15. Bf4 Rfb8 16. Rad1 Qxe2 17. Rxe2 Nc4 18. Bc1 Nd7 19. Rd3 Nde5 20. Nxe5 Nxe5 21. Rd1 Nc4 22. Rd3 Bd4 23. Kf1 Ne5 24. Rd1 Bxc3 25. bxc3 Rb1 26. f4 Nd3 27. Rxd3 Rxc1+ 28. Kf2 Ra4 29. e5 Rxf4+ 30. Kg3 c4 31. exd6 exd6 32. Rde3 Rf5 33. Rd2 Kg7 34. h4 h5 35. Rd4 Rc2 36. Rxc4 Rff2 37. Rc6 Rxg2+ 38. Kf3 Rcf2+ 39. Ke4 Rf6 40. c4 Rg4+ 41. Kd3 Rxh4 42. a4 Rh1 43. a5 Ra1 44. a6 g5 45. c5 dxc5 46. Kc4 Rxa6 47. Kxc5 Ra5+ 48. Kd4 Rf5 49. d6 Rf4+ 50. Kd3 Rd5+ 51. Kc3 Rf1 52. Kc4 Rfd1 53. Rc5 R5d4+ 54. Kb5 f6 0-1

[Event "Oberliga Baden 1516"]
[Site "Baden"]
[Date "2015.09.20"]
[Round "1.5"]
[White "Duessel, Udo"]
[Black "Germer, Philipp"]
[Result "0-1"]
[WhiteElo "2193"]
[BlackElo "2174"]
[PlyCount "112"]
[EventDate "2015.09.20"]
[EventType "team-tourn"]
[EventRounds "9"]
[EventCountry "GER"]
[SourceTitle "EXT 2018"]
[Source "ChessBase"]
[SourceDate "2017.10.13"]
[SourceVersion "1"]
[SourceVersionDate "2017.10.13"]
[SourceQuality "1"]
[WhiteTeam "Waldshut Tiengen"]
[BlackTeam "Oberwinden"]
[WhiteTeamCountry "GER"]
[BlackTeamCountry "GER"]

1. d4 d5 2. c4 c6 3. Nf3 Nf6 4. e3 Bf5 5. Nc3 e6 6. Be2 dxc4 7. Bxc4 Qc7 8. 0-0 Nbd7 9. h3 Bg6 10. Re1 Bd6 11. a3 e5 12. b4 0-0 13. Bb2 exd4 14. Nxd4 Ne5 15. Qb3 Nxc4 16. Qxc4 Qe7 17. Nf3 Rac8 18. e4 Bb8 19. e5 Nd7 20. e6 Nb6 21. exf7+ Qxf7 22. Qxf7+ Rxf7 23. Ne4 Nc4 24. Bc3 h6 25. a4 Rcf8 26. b5 cxb5 27. axb5 b6 28. Rac1 Bh5 29. Nd4 Ne5 30. Bb4 Nd3 31. Bxf8 Rxf8 32. Nc6 Nxc1 33. Rxc1 Bf4 34. Ra1 Re8 35. f3 Be3+ 36. Kf1 Bg6 37. Re1 Bxe4 38. fxe4 Rxe4 39. Nxa7 Rf4+ 40. Ke2 Bc5 41. Rf1 Ra4 42. Nc6 Ra2+ 43. Kf3 Rb2 44. Na7 Kf7 45. g4 Kg6 46. Rd1 Rb3+ 47. Kg2 Kg5 48. Rd5+ Kf4 49. Rf5+ Ke4 50. Rf7 Rb2+ 51. Kf1 g5 52. Rf6 Be3 53. Rxh6 Kf3 54. Rf6+ Bf4 55. Re6 Rh2 56. Kg1 Ra2 0-1

[Event "Oberliga Baden 1415"]
[Site "Baden"]
[Date "2015.02.22"]
[Round "7.4"]
[White "Duessel, Udo"]
[Black "Babutzka, Jens Matthias"]
[Result "0-1"]
[WhiteElo "2220"]
[BlackElo "2233"]
[PlyCount "74"]
[EventDate "2014.09.21"]
[EventType "team-tourn"]
[EventRounds "9"]
[EventCountry "GER"]
[SourceTitle "EXT 2016"]
[Source "ChessBase"]
[SourceDate "2015.10.08"]
[SourceVersion "1"]
[SourceVersionDate "2015.10.08"]
[SourceQuality "1"]
[WhiteTeam "Waldshut Tiengen"]
[BlackTeam "Walldorf"]
[WhiteTeamCountry "GER"]
[BlackTeamCountry "GER"]

1. d4 d5 2. c4 c6 3. Nf3 e6 4. Nc3 dxc4 5. e3 b5 6. a4 Bb4 7. Bd2 Bxc3 8. Bxc3 a5 9. axb5 cxb5 10. b3 Bb7 11. bxc4 b4 12. Bb2 Nf6 13. Bd3 0-0 14. 0-0 Nbd7 15. Re1 Ne4 16. Nd2 Nxd2 17. Qxd2 Qe7 18. Qc2 h6 19. f4 Rfc8 20. e4 Bc6 21. Kh1 a4 22. d5 Bb5 23. Qe2 a3 24. cxb5 axb2 25. Qxb2 Rxa1 26. Qxa1 Rc3 27. Bf1 exd5 28. exd5 Qd6 29. Qa8+ Kh7 30. Qd8 Qxd5 31. Qe7 b3 32. Qb4 Qc5 33. Qxc5 Nxc5 34. Rb1 Na4 35. Kg1 g6 36. Kf2 b2 37. Re1 Rb3 0-1

[Event "Oberliga Baden 1415"]
[Site "Baden"]
[Date "2015.02.01"]
[Round "6.5"]
[White "Duessel, Udo"]
[Black "Schwierskott, Marc"]
[Result "1-0"]
[WhiteElo "2220"]
[BlackElo "2175"]
[PlyCount "165"]
[EventDate "2014.09.21"]
[EventType "team-tourn"]
[EventRounds "9"]
[EventCountry "GER"]
[SourceTitle "EXT 2016"]
[Source "ChessBase"]
[SourceDate "2015.10.08"]
[SourceVersion "1"]
[SourceVersionDate "2015.10.08"]
[SourceQuality "1"]
[WhiteTeam "Waldshut Tiengen"]
[BlackTeam "Brombach"]
[WhiteTeamCountry "GER"]
[BlackTeamCountry "GER"]

1. d4 g6 2. e4 d6 3. Nc3 Nf6 4. Nf3 Bg7 5. h3 0-0 6. Be3 c6 7. Qd2 b5 8. a3 a6 9. Bd3 Nbd7 10. 0-0 e5 11. Rad1 Bb7 12. b4 Qc7 13. dxe5 Nxe5 14. Nxe5 dxe5 15. Be2 Rfd8 16. Qc1 c5 17. bxc5 Nxe4 18. Nxe4 Bxe4 19. c4 Bc6 20. Rxd8+ Rxd8 21. Rd1 Rxd1+ 22. Qxd1 Bf8 23. cxb5 axb5 24. Qb3 Qb7 25. f3 Qd7 26. Kf1 Kg7 27. Ke1 Be7 28. Qd3 Qa7 29. Qc3 Bf6 30. Kd2 h5 31. Qb4 Qd7+ 32. Kc2 h4 33. Bd3 Be7 34. Bf2 Qe6 35. Qb3 Qd7 36. Qc3 Qe6 37. Qb4 Qa2+ 38. Qb2 Qd5 39. Qc3 Qe6 40. Kb2 f5 41. Bb1 Bf6 42. Ba2 Qd7 43. Kc2 e4 44. Qb3 Qe8 45. f4 Kh6 46. Qe6 Qd8 47. Qd6 Qxd6 48. cxd6 Bd7 49. Bd5 g5 50. Be3 gxf4 51. Bxf4+ Bg5 52. Be5 Be3 53. Kb3 Bd2 54. Bf6 Be1 55. Bf7 f4 56. Bc3 Bf2 57. Bd5 e3 58. Bf3 Kg5 59. Kb4 Bg3 60. Kc5 Bf2 61. Bd4 Be1 62. Kb6 b4 63. axb4 Bxb4 64. Kc7 Bb5 65. d7 Ba5+ 66. Kc8 Ba6+ 67. Bb7 Bxb7+ 68. Kxb7 e2 69. Bc3 Bd8 70. Kc8 Bb6 71. Be1 f3 72. Bd2+ Kf5 73. gxf3 e1Q 74. Bxe1 Kf4 75. Bxh4 Kxf3 76. d8Q Bxd8 77. Bxd8 Kg3 78. h4 Kg4 79. Kd7 Kh5 80. Ke6 Kh6 81. Kf7 Kh7 82. Bg5 Kh8 83. h5 1-0

[Event "Basel op"]
[Site "Basel"]
[Date "2015.01.03"]
[Round "4"]
[White "Filipovic, Branko"]
[Black "Duessel, Udo"]
[Result "1/2-1/2"]
[WhiteElo "2370"]
[BlackElo "2198"]
[PlyCount "109"]
[EventDate "2015.01.01"]
[EventType "swiss"]
[EventRounds "7"]
[EventCountry "SUI"]
[SourceTitle "CBM 164 Extra"]
[Source "ChessBase"]
[SourceDate "2015.03.02"]
[SourceVersion "1"]
[SourceVersionDate "2015.03.02"]
[SourceQuality "1"]

1. b3 e5 2. Bb2 Nc6 3. e3 Nf6 4. Bb5 d6 5. Ne2 Bd7 6. d4 exd4 7. Nxd4 Nxd4 8. Bxd7+ Qxd7 9. Qxd4 Qg4 10. Qxg4 Nxg4 11. c4 0-0-0 12. Nc3 Ne5 13. Rd1 f5 14. h3 Rg8 15. Nb5 Nc6 16. g4 g6 17. Ke2 Bg7 18. Bxg7 Rxg7 19. f4 Rf8 20. g5 h6 21. gxh6 Rh7 22. Rdg1 Rxh6 23. Rg3 Kd7 24. Rhg1 Ne7 25. Nd4 Rfh8 26. Rh1 a6 27. Nf3 b5 28. Ng5 Rb8 29. Rc1 c5 30. Rgg1 Rb6 31. Rgd1 Ke8 32. Rd2 Ng8 33. b4 Nf6 34. bxc5 dxc5 35. cxb5 Ne4 36. Nxe4 fxe4 37. Rxc5 Rxb5 38. Rc8+ Ke7 39. Rc7+ Ke8 40. Rc4 Rxh3 41. Rxe4+ Kf7 42. Red4 g5 43. Rd7+ Ke8 44. a4 Rf5 45. Rd8+ Ke7 46. R2d7+ Ke6 47. Rd6+ Ke7 48. R8d7+ Ke8 49. Rd5 gxf4 50. Rd8+ Ke7 51. R5d7+ Ke6 52. Rd6+ Ke7 53. R8d7+ Ke8 54. exf4 Rxf4 55. Rd8+ 1/2-1/2

[Event "Basel op"]
[Site "Basel"]
[Date "2015.01.02"]
[Round "3"]
[White "Duessel, Udo"]
[Black "Iturrizaga Bonelli, Eduardo"]
[Result "0-1"]
[WhiteElo "2198"]
[BlackElo "2649"]
[PlyCount "54"]
[EventDate "2015.01.01"]
[EventType "swiss"]
[EventRounds "7"]
[EventCountry "SUI"]
[SourceTitle "CBM 164 Extra"]
[Source "ChessBase"]
[SourceDate "2015.03.02"]
[SourceVersion "1"]
[SourceVersionDate "2015.03.02"]
[SourceQuality "1"]

1. d4 Nf6 2. c4 c5 3. d5 b5 4. cxb5 a6 5. bxa6 g6 6. Nc3 Bxa6 7. g3 d6 8. Bg2 Bg7 9. Nf3 Nbd7 10. 0-0 0-0 11. Re1 Qa5 12. Qc2 Nb6 13. e4 Nfd7 14. Bg5 Nc4 15. Rac1 h6 16. Bf4 Rfb8 17. b3 Nce5 18. Nxe5 Nxe5 19. Bxe5 Bxe5 20. Nb1 Bd4 21. Nd2 Bb5 22. a4 Bxa4 23. Nc4 Bxb3 24. Nxa5 Bxc2 25. Nc6 Rb2 26. Nxe7+ Kf8 27. Nc6 Bxf2+ 0-1

[Event "Oberliga Baden 1314"]
[Site "Germany"]
[Date "2014.02.09"]
[Round "6.5"]
[White "Fernandez Aguado, Juan Luis"]
[Black "Duessel, Udo"]
[Result "0-1"]
[WhiteElo "2267"]
[BlackElo "2191"]
[PlyCount "100"]
[EventDate "2013.10.13"]
[EventType "team-tourn"]
[EventRounds "9"]
[EventCountry "GER"]
[SourceTitle "EXT 2015"]
[Source "ChessBase"]
[SourceDate "2014.11.20"]
[SourceVersion "1"]
[SourceVersionDate "2014.11.20"]
[SourceQuality "1"]
[WhiteTeam "Dreisamtal"]
[BlackTeam "Waldshut"]
[WhiteTeamCountry "GER"]
[BlackTeamCountry "GER"]

1. e4 e5 2. Nf3 Nc6 3. Bb5 a6 4. Ba4 Nf6 5. d3 Bc5 6. Bxc6 dxc6 7. Be3 Qe7 8. Nbd2 Bg4 9. h3 Bxf3 10. Qxf3 0-0 11. Bg5 Rad8 12. Bxf6 Qxf6 13. Qxf6 gxf6 14. Nf3 Kh8 15. Nh4 Rg8 16. g4 b5 17. Ke2 h5 18. Nf5 Kh7 19. Ng3 hxg4 20. hxg4+ Kg6 21. Rh5 Rh8 22. Rah1 Rxh5 23. Rxh5 a5 24. Nf5 Rg8 25. d4 Bd6 26. c3 b4 27. cxb4 axb4 28. dxe5 fxe5 29. Rh6+ Kg5 30. Nxd6 Kxh6 31. Nxf7+ Kg7 32. Nxe5 Ra8 33. a3 Rxa3 34. Nc4 Ra1 35. f4 Rg1 36. g5 c5 37. e5 Kf7 38. Kd3 Rd1+ 39. Ke3 Rc1 40. Kd3 Rd1+ 41. Ke3 Rd4 42. b3 Kg6 43. Nb2 Kf5 44. Nd3 Re4+ 45. Kf3 c4 46. bxc4 Rxc4 47. e6 Kxe6 48. Ne5 Rc1 49. Ke4 Re1+ 50. Kd4 c5+ 0-1

[Event "Oberliga Baden 1213"]
[Site "Baden"]
[Date "2013.02.24"]
[Round "7.4"]
[White "Duessel, Udo"]
[Black "Metz, Hartmut"]
[Result "0-1"]
[WhiteElo "2204"]
[BlackElo "2320"]
[PlyCount "128"]
[EventDate "2012.10.14"]
[EventType "team-tourn"]
[EventRounds "9"]
[EventCountry "GER"]
[SourceTitle "EXT 2014"]
[Source "ChessBase"]
[SourceDate "2013.11.20"]
[SourceVersion "1"]
[SourceVersionDate "2013.11.20"]
[SourceQuality "1"]
[WhiteTeam "Waldshut"]
[BlackTeam "Kuppenheim"]
[WhiteTeamCountry "GER"]
[BlackTeamCountry "GER"]

1. d4 c6 2. c4 d5 3. Nf3 Nf6 4. Nc3 dxc4 5. a4 Bf5 6. Ne5 e6 7. f3 Bb4 8. e4 Bxe4 9. fxe4 Nxe4 10. Bd2 Qxd4 11. Nxe4 Qxe4+ 12. Qe2 Bxd2+ 13. Kxd2 Qd5+ 14. Kc2 Na6 15. Nxc4 0-0-0 16. Qe3 Qf5+ 17. Kc3 Nc5 18. Be2 Qf6+ 19. Kb4 Rd5 20. Rad1 Qe7 21. Ka3 Rhd8 22. b4 Na6 23. Qc3 Kb8 24. Ne3 Rxd1 25. Rxd1 Rxd1 26. Nxd1 Qd6 27. Nb2 Nc7 28. Nc4 Qf8 29. Bf3 f6 30. Kb3 Qd8 31. Nb2 Nd5 32. Qc5 Ne7 33. a5 b6 34. axb6 axb6 35. Qe3 Nf5 36. Qf4+ Kb7 37. Kc3 Qd6 38. Qc4 Ne3 39. Qd3 Qe5+ 40. Kb3 Nd5 41. h3 g6 42. Nc4 Qe1 43. Nd2 Kc7 44. Bxd5 exd5 45. b5 Qe6 46. bxc6 Qxc6 47. Qc3 Qxc3+ 48. Kxc3 h5 49. Kd4 Kd6 50. Nb1 Ke6 51. Nc3 Kf5 52. Nxd5 b5 53. Ke3 h4 54. Ne7+ Kg5 55. Nc6 f5 56. Nd4 b4 57. Nf3+ Kh5 58. Nd2 g5 59. Kd4 g4 60. Ke5 Kg5 61. Nb3 f4 62. Nd4 f3 63. gxf3 gxh3 64. f4+ Kg4 0-1

[Event "Oberliga Baden 1213"]
[Site "Baden"]
[Date "2013.01.13"]
[Round "5.5"]
[White "Reinhardt, Bernd"]
[Black "Duessel, Udo"]
[Result "1-0"]
[WhiteElo "2307"]
[BlackElo "2228"]
[PlyCount "99"]
[EventDate "2012.10.14"]
[EventType "team-tourn"]
[EventRounds "9"]
[EventCountry "GER"]
[SourceTitle "EXT 2014"]
[Source "ChessBase"]
[SourceDate "2013.11.20"]
[SourceVersion "1"]
[SourceVersionDate "2013.11.20"]
[SourceQuality "1"]
[WhiteTeam "Buchen"]
[BlackTeam "Waldshut"]
[WhiteTeamCountry "GER"]
[BlackTeamCountry "GER"]

1. Nf3 d5 2. d3 c5 3. g3 Nc6 4. Bg2 Nf6 5. 0-0 g6 6. c4 Bg7 7. Nc3 d4 8. Na4 Nd7 9. Ng5 Qc7 10. a3 0-0 11. Rb1 Rb8 12. b4 cxb4 13. axb4 b6 14. b5 Nd8 15. e3 Bb7 16. exd4 Bxg2 17. Kxg2 Bxd4 18. Qg4 Bg7 19. Qe2 h6 20. Nf3 Ne6 21. Be3 Rbc8 22. Rfc1 Qd6 23. Nc3 Ne5 24. Nd5 Rfe8 25. Nxe5 Qxe5 26. Qa2 Qb8 27. Rb3 Qb7 28. Ra3 Ra8 29. Kg1 Nd4 30. Bxd4 Bxd4 31. Ra6 e6 32. Nb4 Qf3 33. Qd2 Bc5 34. Nc6 Rec8 35. d4 Bf8 36. Qe3 Qf5 37. Kg2 h5 38. h4 Rc7 39. Qf3 Qxf3+ 40. Kxf3 Rd7 41. Rca1 Bg7 42. Ke3 f5 43. Rxb6 e5 44. Rba6 exd4+ 45. Kd3 f4 46. b6 fxg3 47. Rxa7 Rdxa7 48. Rxa7 Rf8 49. Rxg7+ Kxg7 50. fxg3 1-0

[Event "Basel Hilton op 15th"]
[Site "Basel"]
[Date "2013.01.01"]
[Round "1"]
[White "Vachier Lagrave, Maxime"]
[Black "Duessel, Udo"]
[Result "1-0"]
[WhiteElo "2711"]
[BlackElo "2228"]
[PlyCount "79"]
[EventDate "2013.01.01"]
[EventType "swiss"]
[EventRounds "7"]
[EventCountry "SUI"]
[SourceTitle "CBM 152 Extra"]
[Source "ChessBase"]
[SourceDate "2013.02.25"]
[SourceVersion "1"]
[SourceVersionDate "2013.02.25"]
[SourceQuality "1"]

1. e4 e5 2. Nf3 Nc6 3. Bb5 a6 4. Ba4 Nf6 5. 0-0 Be7 6. Re1 b5 7. Bb3 d6 8. c3 0-0 9. h3 Bb7 10. d4 Re8 11. Nbd2 Bf8 12. a3 Na5 13. Bc2 c5 14. b4 exd4 15. cxd4 cxb4 16. axb4 Nc4 17. Nxc4 bxc4 18. d5 g6 19. Bb2 Bg7 20. Qd2 Rc8 21. Ra3 Nd7 22. Bxg7 Kxg7 23. Ba4 Re7 24. Bxd7 Rxd7 25. Nd4 Kg8 26. f4 Qb6 27. Kh2 Rdc7 28. Rc3 Qxb4 29. f5 f6 30. Ne6 Re7 31. fxg6 hxg6 32. Rf1 Rxe6 33. dxe6 Bxe4 34. Qd4 d5 35. Rg3 Rf8 36. Rxf6 Rxf6 37. Qxf6 Qf8 38. Qe5 Qe7 39. Ra3 Qxa3 40. e7 1-0

[Event "Oberliga Baden 1213"]
[Site "Baden"]
[Date "2012.11.11"]
[Round "2.4"]
[White "Biebinger, Gerhard"]
[Black "Duessel, Udo"]
[Result "1/2-1/2"]
[WhiteElo "2304"]
[BlackElo "2242"]
[PlyCount "107"]
[EventDate "2012.10.14"]
[EventType "team-tourn"]
[EventRounds "9"]
[EventCountry "GER"]
[SourceTitle "EXT 2014"]
[Source "ChessBase"]
[SourceDate "2013.11.20"]
[SourceVersion "1"]
[SourceVersionDate "2013.11.20"]
[SourceQuality "1"]
[WhiteTeam "Kirchheim"]
[BlackTeam "Waldshut"]
[WhiteTeamCountry "GER"]
[BlackTeamCountry "GER"]

1. c4 Nf6 2. Nc3 e5 3. g3 Nc6 4. Bg2 Bb4 5. Nd5 Bc5 6. Nf3 0-0 7. 0-0 d6 8. d3 h6 9. a3 a5 10. Nxf6+ Qxf6 11. Nd2 Qd8 12. Ne4 Bb6 13. Nc3 Nd4 14. e3 Ne6 15. Na4 Ba7 16. b4 c6 17. Bd2 axb4 18. axb4 Bb8 19. Nc3 Rxa1 20. Qxa1 Bc7 21. b5 Nc5 22. bxc6 bxc6 23. Bxc6 Nxd3 24. Nd5 Be6 25. Qa3 Nc5 26. Rb1 Bf5 27. Ra1 Bd3 28. Rc1 Be2 29. Qa2 Bd3 30. Bb4 Be4 31. Bxc5 dxc5 32. Nf6+ Qxf6 33. Bxe4 Rb8 34. Rd1 Rd8 35. Rb1 Rb8 36. Rd1 Rd8 37. Rd5 Rxd5 38. Bxd5 g6 39. Qa7 Bd6 40. Qd7 Qe7 41. Qc6 Kg7 42. Kg2 Qc7 43. Qa4 Qc8 44. h4 h5 45. Qa7 Qc7 46. Qa8 Qb8 47. Qa6 Qc7 48. Kf3 Qb8 49. Bb7 Qc7 50. Ke4 Qd7 51. Bc8 Qc7 52. Kf3 Be7 53. Bb7 Qd7 54. Kg2 1/2-1/2

[Event "Oberliga Baden 1112"]
[Site "Germany"]
[Date "2012.02.26"]
[Round "7.5"]
[White "Duessel, Udo"]
[Black "Regez, Markus"]
[Result "1-0"]
[WhiteElo "2235"]
[BlackElo "2206"]
[PlyCount "67"]
[EventDate "2011.10.02"]
[EventType "team-tourn"]
[EventRounds "9"]
[EventCountry "GER"]
[SourceTitle "EXT 2013"]
[Source "ChessBase"]
[SourceDate "2012.11.22"]
[SourceVersion "1"]
[SourceVersionDate "2012.11.22"]
[SourceQuality "1"]
[WhiteTeam "Waldshut"]
[BlackTeam "Dreisamtal"]
[WhiteTeamCountry "GER"]
[BlackTeamCountry "GER"]

1. d4 Nf6 2. c4 g6 3. Nc3 d5 4. cxd5 Nxd5 5. e4 Nxc3 6. bxc3 Bg7 7. Bc4 0-0 8. Ne2 c5 9. Be3 Nc6 10. 0-0 Bg4 11. f3 Na5 12. Bd3 cxd4 13. cxd4 Be6 14. Rc1 Bxa2 15. Qa4 Bb3 16. Qb4 b6 17. Ba6 Qd6 18. Qxd6 exd6 19. Rc7 d5 20. Nc3 Bc4 21. Bxc4 dxc4 22. Nd5 b5 23. Rd1 Nb3 24. Ne7+ Kh8 25. d5 a5 26. d6 Bf6 27. Nc6 c3 28. e5 c2 29. Re1 Rfe8 30. d7 Bxe5 31. Nxe5 Rxe5 32. Rxc2 Rg8 33. Rc8 Rd5 34. Bh6 1-0

[Event "Oberliga Baden 1112"]
[Site "Germany"]
[Date "2011.11.20"]
[Round "3.5"]
[White "Kiefhaber, Holger"]
[Black "Duessel, Udo"]
[Result "1/2-1/2"]
[WhiteElo "2268"]
[BlackElo "2235"]
[PlyCount "92"]
[EventDate "2011.10.02"]
[EventType "team-tourn"]
[EventRounds "9"]
[EventCountry "GER"]
[SourceTitle "EXT 2013"]
[Source "ChessBase"]
[SourceDate "2012.11.22"]
[SourceVersion "1"]
[SourceVersionDate "2012.11.22"]
[SourceQuality "1"]
[WhiteTeam "Karlsruhe"]
[BlackTeam "Waldshut"]
[WhiteTeamCountry "GER"]
[BlackTeamCountry "GER"]

1. e4 e5 2. Bc4 Nf6 3. d3 Nc6 4. Nc3 Bc5 5. f4 d6 6. Nf3 Bg4 7. Na4 Qd7 8. Nxc5 dxc5 9. h3 Bxf3 10. Qxf3 Nd4 11. Qf2 b5 12. fxe5 Nxe4 13. dxe4 bxc4 14. Be3 Ne6 15. 0-0 Qe7 16. Rad1 Rb8 17. c3 0-0 18. Qe2 Rfd8 19. Rxd8+ Qxd8 20. Rd1 Qh4 21. Qf3 Rd8 22. Rxd8+ Qxd8 23. Qe2 Qh4 24. Bf2 Qg5 25. Be3 Qg3 26. Bf2 Qxe5 27. Qxc4 h5 28. Qd5 Qf4 29. Bxc5 Qc1+ 30. Kh2 Qxb2 31. Bxa7 Qxc3 32. Qxh5 Qa3 33. Bf2 Qxa2 34. Bg3 Qc2 35. Qd5 c6 36. Qd7 Qxe4 37. Qe8+ Kh7 38. Qxf7 Qd5 39. h4 Nd4 40. Qxd5 cxd5 41. Bf2 Ne6 42. Kg3 Kg6 43. Kf3 Kf5 44. g4+ Ke5 45. Bg3+ Kf6 46. Bf2 Ke5 1/2-1/2

[Event "Oberliga Baden 1112"]
[Site "Germany"]
[Date "2011.10.23"]
[Round "2.4"]
[White "Schmidt, Ralf"]
[Black "Duessel, Udo"]
[Result "1/2-1/2"]
[WhiteElo "2126"]
[BlackElo "2235"]
[PlyCount "105"]
[EventDate "2011.10.02"]
[EventType "team-tourn"]
[EventRounds "9"]
[EventCountry "GER"]
[SourceTitle "EXT 2013"]
[Source "ChessBase"]
[SourceDate "2012.11.22"]
[SourceVersion "1"]
[SourceVersionDate "2012.11.22"]
[SourceQuality "1"]
[WhiteTeam "Oberwinden"]
[BlackTeam "Waldshut"]
[WhiteTeamCountry "GER"]
[BlackTeamCountry "GER"]

1. e4 c6 2. d4 d5 3. e5 Bf5 4. Nc3 e6 5. g4 Bg6 6. Nge2 c5 7. h4 f6 8. h5 Bf7 9. f4 Nc6 10. Be3 cxd4 11. Nxd4 fxe5 12. Nxc6 bxc6 13. fxe5 Rb8 14. Rb1 Qc7 15. Qd4 Rb4 16. Qxa7 Qxa7 17. Bxa7 Rxg4 18. Be2 Rg5 19. a4 Bb4 20. Rh4 c5 21. a5 Ne7 22. Bb5+ Kd8 23. Bb6+ Kc8 24. Rxb4 cxb4 25. Na4 Be8 26. Ba6+ Kb8 27. Nc5 Rf8 28. Bc7+ Kxc7 29. Nxe6+ Kb8 30. Nxg5 Rf5 31. Nxh7 Rxh5 32. Nf8 Rf5 33. Nh7 Bg6 34. Bd3 Rh5 35. Nf8 Bxd3 36. Nd7+ Kc7 37. Kd2 Bf5 38. Nc5 Rh2+ 39. Ke3 Rxc2 40. Na6+ Kb7 41. Nxb4 Rg2 42. a6+ Ka8 43. Rd1 Be4 44. Kd4 Rxb2 45. Kc5 Ka7 46. Rf1 Nf5 47. e6 Rxb4 48. Kxb4 Kxa6 49. Kc5 d4 50. Re1 Bc2 51. e7 Nxe7 52. Rxe7 d3 53. Rxg7 1/2-1/2

[Event "Oberliga Baden 1112"]
[Site "Germany"]
[Date "2011.10.02"]
[Round "1.4"]
[White "Duessel, Udo"]
[Black "Mader, Manuela"]
[Result "1-0"]
[WhiteElo "2235"]
[BlackElo "2186"]
[PlyCount "153"]
[EventDate "2011.10.02"]
[EventType "team-tourn"]
[EventRounds "9"]
[EventCountry "GER"]
[SourceTitle "EXT 2013"]
[Source "ChessBase"]
[SourceDate "2012.11.22"]
[SourceVersion "1"]
[SourceVersionDate "2012.11.22"]
[SourceQuality "1"]
[WhiteTeam "Waldshut"]
[BlackTeam "Ettlingen"]
[WhiteTeamCountry "GER"]
[BlackTeamCountry "GER"]

1. d4 Nf6 2. c4 g6 3. Nc3 Bg7 4. e4 d6 5. Nf3 0-0 6. Be2 e5 7. d5 a5 8. Bg5 h6 9. Bh4 Na6 10. Nd2 Nc5 11. 0-0 Bd7 12. b3 g5 13. Bg3 Ne8 14. Bg4 f5 15. Bxf5 Bxf5 16. exf5 Rxf5 17. Qc2 Qd7 18. f3 b6 19. Nb5 Rf7 20. Rae1 Nf6 21. a4 Nh5 22. Bf2 Nf4 23. Bxc5 bxc5 24. g3 Nh5 25. Ne4 Raf8 26. Kg2 Qf5 27. h3 Nf6 28. Nxf6+ Qxf6 29. Rf2 Ra8 30. Rh1 Kf8 31. Qe4 Ke8 32. h4 gxh4 33. Rxh4 Kd7 34. Rh5 Kc8 35. Qg4+ Kb7 36. Nc3 Rg8 37. Ne4 Qd8 38. Qe6 Re7 39. Qg6 Qf8 40. Rf5 Qe8 41. Qxe8 Rexe8 42. Rf1 Ref8 43. Rxf8 Bxf8 44. Rh1 Rg6 45. Rh5 Be7 46. Kh3 Kc8 47. Rf5 Rg7 48. Rh5 Rg6 49. Rf5 Rg7 50. Nc3 Bg5 51. Rf8+ Kd7 52. Nb5 Bd2 53. Rh8 Be1 54. g4 Bd2 55. Na7 Ke7 56. Nc6+ Kf6 57. Kg3 Be1+ 58. Kg2 e4 59. Rf8+ Kg6 60. fxe4 h5 61. gxh5+ Kxh5+ 62. Kf1 Bc3 63. Ke2 Rg3 64. Rf3 Rg2+ 65. Kd1 Bb4 66. e5 dxe5 67. Nxe5 Rd2+ 68. Kc1 Re2 69. Nc6 Kg4 70. Rf7 Re1+ 71. Kc2 Re2+ 72. Kd3 Rd2+ 73. Ke3 Rb2 74. Rxc7 Rxb3+ 75. Ke4 Bd2 76. Rg7+ Bg5 77. d6 1-0